THE VISION JULY-1943 (Record no. 63124)

MARC details
000 -LEADER
fixed length control field 00300nam a2200133Ia 4500
008 - FIXED-LENGTH DATA ELEMENTS--GENERAL INFORMATION
fixed length control field 090123s9999 xx 000 0 und d
082 ## - DEWEY DECIMAL CLASSIFICATION NUMBER
Item number 25053
245 ## - TITLE STATEMENT
Title THE VISION JULY-1943
250 ## - EDITION STATEMENT
Edition statement 0
300 ## - PHYSICAL DESCRIPTION
Extent 316
630 ## - SUBJECT ADDED ENTRY--UNIFORM TITLE
Uniform title THE VISION JULY-1943
730 ## - ADDED ENTRY--UNIFORM TITLE
Uniform title THE VISION JULY-1943
942 ## - ADDED ENTRY ELEMENTS (KOHA)
Koha item type Book
Holdings
Withdrawn status Lost status Damaged status Not for loan Home library Current library Date acquired Cost, normal purchase price Total Checkouts Full call number Barcode Date last seen Cost, replacement price Price effective from Koha item type
        Jawahar Wachalanalaya, Kalwa Jawahar Wachalanalaya, Kalwa 03/31/2002 0.00   25053 KLW-25053 01/23/2009 0.00 01/23/2009 Book